| 000 | 00403nam a22001457a 4500 | ||
|---|---|---|---|
| 003 | NUST - PNEC | ||
| 005 | 20170116181143.0 | ||
| 008 | 151008b xxu||||| |||| 00| 0 eng d | ||
| 040 | _cLIBRARY | ||
| 082 | _a620.17 LIP | ||
| 100 |
_914801 _aLipnitsky, A |
||
| 245 |
_aThe melting of cast iron and non-ferrous alloys. _cA. Lipnitsky |
||
| 650 |
_913645 _aNonferrous metals--Founding |
||
| 942 |
_2ddc _cBK |
||
| 999 |
_c70570 _d70570 |
||